Online Catalogue and eLibrary

Graduate Employment in Sri Lanka in the 1990s (Record no. 3022)

MARC details
000 -LEADER
fixed length control field 00462nam a2200181Ia 4500
005 - DATE AND TIME OF LATEST TRANSACTION
control field 20240813014834.0
008 - FIXED-LENGTH DATA ELEMENTS--GENERAL INFORMATION
fixed length control field 240331s9999 xx 000 0 und d
020 ## - INTERNATIONAL STANDARD BOOK NUMBER
ISBN 9558610011
082 ## - DDC Classification
Item Number - Author Mark JAY
Class No. 407
100 ## - MAIN ENTRY--PERSONAL NAME
Personal name Jayaweera,S. Sanmugam,T
245 #0 - TITLE STATEMENT
Title Graduate Employment in Sri Lanka in the 1990s
260 ## - PUBLICATION, DISTRIBUTION, ETC.
Place of publication, distribution, etc. Colombo
Name of publisher, distributor, etc. Centre for Women's Research
Date of publication, distribution, etc. 2002
300 ## - PHYSICAL DESCRIPTION
Extent (e.g. Volumes, Pages etc.) 124 p .,
650 ## - SUBJECT ADDED ENTRY--TOPICAL TERM
Topical term or geographic name entry element Gender
650 ## - SUBJECT ADDED ENTRY--TOPICAL TERM
Topical term or geographic name entry element Social
650 ## - SUBJECT ADDED ENTRY--TOPICAL TERM
Topical term or geographic name entry element Economic
942 ## - Koha item type (Biblio)
Koha item type Books in Stacks (Lending)
Holdings
Lost status Damaged status Collection code Home library Current library Shelving location Date acquired Full call number Accession Number Item type
    Lending WERC Library WERC Library Social Science Cupboard 03/31/2024 407 JAY 4588 Books in Stacks (Lending)

© WERC Library